| 000 | 00390nam a22001577a 4500 | ||
|---|---|---|---|
| 020 | _a9788131710685 | ||
| 082 | _a621.381DED | ||
| 100 | _aDe, Debashis | ||
| 245 | _aBasic electonics | ||
| 260 |
_aNew Delhi, India _bPearson Education _c2010 |
||
| 300 |
_axviii, 608 p. _bill. ; |
||
| 500 | _aIncludes index. | ||
| 650 | _aElectronics. | ||
| 700 | _aGhatak, Kamakhya Prasad | ||
| 942 | _cBK | ||
| 999 |
_c12429 _d12429 |
||